000 01236cam a2200229 4500
001 ABS65773
008 020801n2002 000 0 eng u
035 _a(Sirsi) u119140
100 _aAbdul-Aziz, A.-R.
245 4 _aThe realities of applying total quality management in the construction industry
260 _c2002
490 _aStructural Survey
_v20(2) 2002, 88-96(9)
520 _aJapanese contractors have successfully adopted total quality management (TQM) in their domestic operations. Examines Japanese contractors operating abroad to conclude that TQM implementation in the construction industry is constrained by national markets which subscribe to a different quality culture and looks at contributory factors such as cost-based competitive bidding and the non-direct link between main contractors and site-operatives. Japanese contractors have shown TQM routines can be implemented provided that local norms and contracting practices are accommodated. [Taken from journal abstract].
590 _aABS
650 _aCOMPETITIVE TENDERING
650 _aCONSTRUCTION INDUSTRY
650 _aJAPAN
650 _aTOTAL QUALITY MANAGEMENT
650 _aSUBCONTRACTING
690 _aQUALITY ASSURANCE
942 _n0
999 _c70869
_d70869